| 000 | 00975nam a2200205Ia 4500 | ||
|---|---|---|---|
| 001 | 720 | ||
| 003 | GE_BSU | ||
| 008 | 181216s||||||||xx |||||||||||||| ||und|| | ||
| 040 | _cGE_BSU | ||
| 080 | _a271.222(479.22)(09) | ||
| 100 | _aპავლიაშვილი,ქეთევან | ||
| 245 | _aსაქართველოს სამოციქულო მართლმადიდებული ეკლესიის ისტორია (1800-1945) ნაწ.1. | ||
| 245 | _cრედ.მანგლისის წალკის ეპარქიის მიტროპოლიტ ანანია ჯაფარიძე | ||
| 260 | _aთბილისი | ||
| 260 | _c2008 | ||
| 300 | _a552 გვ. | ||
| 541 | _h18 ლ. | ||
| 653 | _aსაქართველოს სამოციქულო მართლმადიდებული ეკლესიის ისტორია (1800-1945) ნაწ.1. | ||
| 942 | _cBK | ||
| 999 |
_c34897 _d34897 |
||